000 01793nam0a2200385 4500
001 RU\NLR\bibl\452812
005 20260412063415.0
021 _aRU
_b2003-36299
_91723
035 _a(NLR Aleph) 000446429
090 _a846408
_c846408
100 _a20031021d2003 |||y0rusy50 ca
101 0 _arus
102 _aRU
105 _aa |||||||||
200 1 _aПоршневые двигатели и топлива в XXI веке
_eСб. науч. тр.
_eПосвящ. В. Н. Луканину
_fМоск. автомобил.-дорож. ин-т (гос. техн. ун-т)
_g[Редкол.: М. Г. Шатров (отв. ред.) и др.]
210 _aМ.
_cМАДИ(ГТУ)
_d2003
215 _a246 с.
_cил.
_d24
313 _aавтомоб.
320 _aБиблиогр. в конце ст.
606 _aАвтомобильные двигатели
_jСборники
_3RU\NLR\auth\66651
_9888570
606 0 _aАвтомобильные двигатели
_jСборники
_xТопливо
_9890436
_3RU\NLR\auth\661646
606 0 _aАвтомобильное топливо
_jСборники
_92162334
_3RU\NLR\auth\661301243
675 _a629.33:621.431(082)
_v3
_zrus
686 _a55.43
_2rugasnti
686 _a39.35
_2rubbk
686 _aО35я43
702 1 _4570
_8rus
_7ca
_aЛуканин
_bВ. Н.
_f1931-2002
_gВалентин Николаевич
_3RU\NLR\auth\77638
_9110681
702 1 _aШатров
_bМ. Г.
_gМихаил Георгиевич
_4340
711 0 2 _aМосковский государственный автомобильно-дорожный институт
_3RU\NLR\AUTH\889937530
_9369890
801 0 _aRU
_bRKP
_c20031021
_gPSBO
801 1 _aRU
_bRKP
_c20031021
801 2 _aRU
_bNLR
_c20041115
_grcr
942 _cBOOK
980 _aNB